| 000 | 00590nam a2200181 a 4500 | ||
|---|---|---|---|
| 001 | 000043354 | ||
| 005 | 20230519124859.0 | ||
| 008 | 140311s1981 sp 000 0 spa d | ||
| 020 | _a8472224414 | ||
| 040 |
_aDO-SdBNP _bspa _cBNPHU |
||
| 040 |
_aDO-SdBNP _bspa _cBNPHU |
||
| 100 | 1 |
_aCobb, Christopher _q(Christopher H.) _971005 |
|
| 245 | 1 | 3 |
_aLa Cultura y el Pueblo : _bEspaña, 1930-1939 / _cChristopher H. Cobb. |
| 260 |
_aBarcelona : _bLaia, _c1981. |
||
| 300 |
_a471 p., [16] p. : _bil., láms. ; _c21 cm. |
||
| 490 | 1 |
_aPapel 451. Historia _v52 |
|
| 830 | 0 |
_aPapel 451. Historia _v52 _971006 |
|
| 999 |
_c42843 _d42843 |
||